Diccionario francés-español y español-francés (Record no. 160843)

MARC details
000 -LEADER
campo de control de longitud fija 00881nam a22002055i 4500
001 - NÚMERO DE CONTROL
campo de control 160843
003 - IDENTIFICADOR DE NÚMERO DE CONTROL
campo de control ES-MaACL
005 - FECHA Y HORA DE LA ÚLTIMA TRANSACCIÓN
campo de control 20230906212134.0
008 - DATOS DE LONGITUD FIJA--INFORMACIÓN GENERAL
campo de control de longitud fija 041004s1847 fr |||| | spa d
040 ## - FUENTE DE CATALOGACIÓN
Centro catalogador/agencia de origen CAM
Lengua de catalogación spa
Centro/agencia transcriptor CAM
100 1# - ENTRADA PRINCIPAL--NOMBRE DE PERSONA
Nombre de persona Núñez de Taboada, M.
9 (RLIN) 130557
245 10 - MENCIÓN DEL TÍTULO
Título Diccionario francés-español y español-francés
Resto del título : contiene todas las voces autorizadas por el uso... /
Mención de responsabilidad, etc. escrita la parte francesa-española por Nuñez de Taboada.
260 ## - PUBLICACIÓN, DISTRIBUCIÓN, ETC.
Lugar de publicación, distribución, etc. Paris :
Nombre del editor, distribuidor, etc. Carlos Hingray, Librero-Editor,
Fecha de publicación, distribución, etc. 1847 (
Fabricante Imprenta de H. Fournier)
300 ## - DESCRIPCIÓN FÍSICA
Extensión v. ;
Dimensiones 21 cm.
597 ## - NOTA DE DESCRIPCIÓN FÍSICA
NOTA DE DESCRIPCIÓN FÍSICA Tomo I (482 p.)
650 #4 - PUNTO DE ACCESO ADICIONAL DE MATERIA--TÉRMINO DE MATERIA
Término de materia o nombre geográfico como elemento de entrada Lengua francesa-
Subdivisión de forma Diccionarios-
Subdivisión general Español.
9 (RLIN) 14213
650 #4 - PUNTO DE ACCESO ADICIONAL DE MATERIA--TÉRMINO DE MATERIA
Término de materia o nombre geográfico como elemento de entrada Lengua española-
Subdivisión de forma Diccionarios-
Subdivisión general Francés.
9 (RLIN) 14145
700 11 - ENTRADA AGREGADA--NOMBRE PERSONAL
Nombre de persona Hingray, Charles,
Término indicativo de función/relación
9 (RLIN) 127989
852 ## - LOCALIZACIÓN
Ubicación ES-MaACL
Número de control de estantería C-3374
Nota libre -- Enc. pasta española
-- -- Legado M. de La Fuente
condición física -- Solo tomo I
Holdings
Estatus retirado Estado de pérdida Estado de daño No para préstamo Colección Biblioteca de origen Biblioteca actual Ubicación en estantería Fecha de adquisición Fuente de adquisición Total de préstamos Signatura topográfica completa Código de barras Visto por última vez Precio de reemplazo Tipo de ítem Koha
        Colección de referencia Biblioteca del Ateneo de Madrid Biblioteca del Ateneo de Madrid Sala Palomar 17/01/2008     C-3374 1168440 23/02/2023 23/02/2023 Libro impreso antiguo